| 000 | 00000nam##2200000za#4500 |
| 001 | 9.589743 |
| 003 | CaOODSP |
| 005 | 20210624195807 |
| 007 | cr ||||||||||| |
| 008 | 150406|2011||||xxc|||||o f|0| 0 eng|d |
| 022 | |a1919-5044 |
| 040 | |aCaOODSP|beng |
| 041 | |aeng |
| 041 | |afre |
| 043 | |an-cn--- |
| 086 | 1 |aFs70-5/2011-082-PDF |
| 110 | 1 |aCanada. |bDepartment of Fisheries and Oceans. |
| 245 | 14|aThe 2010 assessment of the snow crab (Chionoecetes opilio) stock in the southern Gulf of St. Lawrence (Areas 12, 19, 12E and 12F) / |h[electronic resource]|c[by] M. Hébert, E. Wade, M. Biron, P. DeGrâce, J.-F. Landry and M. Moriyasu. |
| 260 | |aMoncton - New Brunswick : |bFisheries and Oceans Canada |cc2011. |
| 300 | |a79p.|bfigs., graphs, map, references, tables |
| 490 | 1 |aCanadian Science Advisory Secretariat research document|x1919-5044|v2011/082, Gulf Region |
| 590 | |a13-27-Supp|b2013-11-15 |
| 792 | |tÉvaluation du stock de crabe des neiges (Chionoecetes opilio) dans le sud du golfe du Saint-Laurent (zones 12, 19, 12E et 12F) en 2010 / |efre|w(CaOODSP)9.589744 |
| 830 | #0|aResearch document (Canadian Science Advisory Secretariat)|x1919-5044|v2011/082, Gulf Region|w(CaOODSP)9.500505 |
| 856 | 40|ahttp://publications.gc.ca|qPDF|s1991 KB|uhttps://publications.gc.ca/collections/collection_2013/mpo-dfo/Fs70-5-2011-082.pdf|y2011/082, Gulf Region |